Analýza súčasného stavu laboratórnych metód určených pre posudzovanie sklonu látok k samovznieteniu

Gespeichert in:
Bibliographische Detailangaben
1. Verfasser: Matúš, Matej, 1990- (Verfasst von)
Weitere Verfasser: Hrušovský, Ivan, 1985- (Betreuung Doktorarbeit)
Format: Manuskript Buch
Sprache:Slowakisch
Veröffentlicht: Trnava : STU v Bratislave MTF UBEI, 2013
Schlagworte:
Online-Zugang:VAIS
Tags: Tag hinzufügen
Keine Tags, Fügen Sie das erste Tag hinzu!

MARC

LEADER 00000ntm a22000003a 4500
001 stu269982
005 20150617230245.5
008 130703s2013----xo------------------slo-d
040 |a STU  |b slo 
041 0 |a slo 
044 |a xo 
100 1 |a Matúš, Matej,  |d 1990-  |4 aut  |u M  |T MTF Materiálovotechnologická fakulta  |X 6501  |U M  |Y 60  |7 A000006501 
242 0 0 |a The analysis of current state of the laboratory methods used to determin a substance´s tendency for spontaneous combustion  |y eng 
245 1 |a Analýza súčasného stavu laboratórnych metód určených pre posudzovanie sklonu látok k samovznieteniu 
260 |a Trnava :  |b STU v Bratislave MTF UBEI,  |c 2013 
650 7 |a Occupational Health and Safety  |2 estusub 
650 7 |a samovznietenie  |2 stusub 
650 7 |a termická analýza  |2 stusub 
650 7 |a kalorimetria  |2 stusub 
700 1 |a Hrušovský, Ivan,  |d 1985-  |4 ths  |u M5000  |U MTF Materiálovotechnologická fakulta  |T MTF Ústav bezpečnosti, environmentu a kvality  |X 32999  |U M5000  |Y 85  |7 A000032999 
856 4 |a info a plný text  |u http://is.stuba.sk/zp/portal_zp.pl?podrobnosti=102661  |3 VAIS 
996 |c M*BP-6343  |l MMSKP  |s P  |a 0  |w stu269982_0001